000
00274nam a22001217a 4500
008
180606b xxu||||| |||| 00| 0 eng d
041
_a
eng
080
_a
043.3
100
_a
0
101
_a
SHKI-MA
245
_a
Data Mining ne Rrjetet Shoqerore
_c
Beka, S
942
_2
udc
_c
BK
999
_c
46438
_d
46438